Raperos bolivarianos : Viaje a las barriadas de Caracas (Registro nro. 61782)
[ vista simple ]
| 000 -LÍDER | |
|---|---|
| Campo fijo de descripción fija | 005970000a22001210004500 |
| 100 1# - ASIENTO PRINCIPAL--NOMBRE PERSONAL | |
| Nombre personal | Cárdenas, Fernando |
| 245 10 - TÍTULO | |
| Título del Material | Raperos bolivarianos : Viaje a las barriadas de Caracas |
| 300 ## - DESCRIPCIÓN FÍSICA | |
| Extensión | Vol.0, núm.9 (Junio, 2006), Páginas 8-9 |
| 500 ## - NOTA GENERAL | |
| Nota General | Periodista chileno. |
| 773 0# - HOST ITEM ENTRY | |
| Title | Arcadia / Andrés Felipe Solano, Editor |
| 942 ## - TIPO DE MATERIAL (KOHA) | |
| Tipo de Item KOHA | Artículos de Revista |
| Estado de Material | Estado de Perdido | Estado de Dañado | No para Préstamo | Colección | Biblioteca de Origen | Biblioteca Permanente | Fecha de Adquisición | Total de Préstamos | Signatura Topográfica | Última vez visto | Fecha de Remplazo | Tipo de Material |
|---|---|---|---|---|---|---|---|---|---|---|---|---|
| Colección de Hemeroteca | Biblioteca FUSBC | Biblioteca FUSBC | 26/01/2016 | 26/01/2016 | 26/01/2016 | Artículos de Revista |
